[Event "Oberliga Ost B9798"]
[Site "Germany"]
[Date "1998.??.??"]
[Round "?.3"]
[White "Banas, Jan"]
[Black "Jakel, Wolfgang"]
[Result "1-0"]
[WhiteElo "2385"]
[BlackElo "2235"]

1.c4 e6 2.Nf3 d5 3.g3 c5 4.cxd5 exd5 5.d4 Nc6 6.Bg2 Nf6 7.O-O Be7 8.Nc3 O-O
9.b3 Bg4 10.dxc5 Bxc5 11.Bb2 Qd7 12.Rc1 Rad8 13.Nb5 Bb6 14.Nbd4 Nxd4 15.Bxd4 Bxd4
16.Qxd4 Qb5 17.Qb2 Rfe8 18.Nd4 Qa6 19.e3 Rc8 20.h3 Bd7 21.Rfd1 Ne4 22.Ne2 Rxc1
23.Nxc1 Qe6 24.Nd3 g5 25.Nb4 Bc6 26.Nxc6 bxc6 27.Qc2 Qf6 28.Rc1 Re6 29.Bxe4 dxe4
30.Qc5 Rd6 31.Qxa7 Kg7 32.Qa5 Kg6 33.Qb4 Qe6 34.Kg2 Rd5 35.Qc4 c5 36.Qe2 Qd6
37.h4 h6 38.hxg5 Rxg5 39.Qc2 Qe5 40.f4  1-0

[Event "BL2-O9798"]
[Site "Germany"]
[Date "1998.??.??"]
[Round "4.7"]
[White "Seuffert, Gabriel"]
[Black "Rupp, Markus"]
[Result "1-0"]
[WhiteElo "2230"]
[BlackElo "2200"]

1.c4 e6 2.Nf3 d5 3.g3 c5 4.cxd5 exd5 5.d4 Nc6 6.Bg2 Nf6 7.O-O Be7 8.Bg5 O-O
9.dxc5 Bxc5 10.Qc2 Be7 11.Rd1 h6 12.Be3 Re8 13.Nc3 Bf8 14.Qb3 Na5 15.Qc2 Nc6
16.Qb3 Na5 17.Qa4 Nc4 18.Nxd5 Nxd5 19.Qxc4 Be6 20.Qa4 Bd7 21.Qb3 Nxe3 22.fxe3 Qe7
23.Nd4 Qxe3+ 24.Qxe3 Rxe3 25.Rac1 Bg4 26.h3 Bh5 27.Kf2 Rae8 28.Bxb7 Bd6 29.g4 Bg6
30.Bf3 R3e5 31.Nc6 Rc5 32.b4 Rxc1 33.Rxc1 Bf4 34.Rc4 Be3+ 35.Kg3 f5 36.Bd5+ Kh7
37.a4 f4+ 38.Kg2 Bb1 39.Kf3 g6 40.Be4 Ba2 41.Rc3 a6 42.Rd3 Kg7 43.Rd7+ Kf6
44.Nd4 h5 45.Nc2 hxg4+ 46.hxg4 Rh8 47.Nxe3 Rh3+ 48.Kf2 Rxe3 49.Bd3 g5 50.Rd6+ Re6
51.Rxa6  1-0

[Event "Saitek US Masters"]
[Site "Hawaii"]
[Date "1998.??.??"]
[Round "1"]
[White "Chapin, Chip E"]
[Black "Crispin, Thomas A"]
[Result "0-1"]
[WhiteElo "2080"]
[BlackElo "2190"]

1.c4 e6 2.Nf3 d5 3.d4 c5 4.e3 Nc6 5.Nc3 Nf6 6.cxd5 exd5 7.Bb5 cxd4 8.Nxd4 Bd7
9.O-O Bd6 10.Nf3 a6 11.Be2 Bg4 12.h3 Be6 13.Nd4 O-O 14.b3 Be5 15.Nxc6 bxc6
16.Bb2 Ne4 17.Qc1 f5 18.Nxe4 Bxb2 19.Qxb2 fxe4 20.Qe5 Bd7 21.Rac1 Rf5 22.Qd6 Rf6
23.Qe5 Qa5 24.Rc2 Raf8 25.Bg4 Qd8 26.Bxd7 Qxd7 27.Rfc1 Re8 28.Qh5 Rg6 29.Kh2 Rf8
30.Qe5 Rgf6 31.Kg1 Rg6 32.Kh2 h6 33.Rd1 Rg5 34.Qxe4 Qc7+  0-1

[Event "Hessenliga9798"]
[Site "Hessen"]
[Date "1998.??.??"]
[Round "?.1"]
[White "Schuh, Karsten"]
[Black "Rasch, Holger"]
[Result "0-1"]
[WhiteElo "2200"]
[BlackElo "2250"]

1.c4 e6 2.Nf3 d5 3.b3 Nf6 4.Bb2 c6 5.e3 Nbd7 6.Be2 Bd6 7.d4 O-O 8.O-O Re8
9.Ne5 Qc7 10.f4 Ne4 11.Nd2 Nxd2 12.Qxd2 f6 13.Nf3 b6 14.Rac1 Bb7 15.Bd3 Qb8
16.Qf2 Qd8 17.Qh4 Nf8 18.Rc2 Rc8 19.g4 c5 20.cxd5 exd5 21.Re2 c4 22.bxc4 dxc4
23.Bf5 Bxf4 24.Bxc8 Qxc8 25.Bc1 c3 26.Ree1 Ng6 27.Qh5 Bb8 28.Qf5 Qc7 29.e4 Nh4
30.Qh5 Nxf3+ 31.Rxf3 g6 32.Qh4 Bxe4 33.Rfe3 Qc6 34.Qf2 Kg7 35.Rh3 Qe6 36.Qh4 g5
37.Qh5 Qc6 38.Qh6+ Kg8 39.Rhe3 Bf4 40.R3e2 Bxc1 41.Rxc1 Qd7 42.Qh3 Qxd4+
43.Qe3 Qd7 44.h3 Bg6 45.Qf3 Rxe2 46.Qxe2 Qd4+ 47.Qf2 Qxf2+ 48.Kxf2 c2 49.Ke3 Kf7
50.Kd2 Ke6 51.Re1+ Kd6 52.Re3 f5 53.gxf5 Bxf5 54.Ra3 h5 55.Rxa7 Ke5 56.Rb7 Bxh3
57.Rxb6 Bf5 58.Rh6 h4 59.a4 h3 60.a5 g4 61.a6 g3 62.a7 g2 63.a8=Q c1=Q+ 64.Kxc1 g1=Q+
65.Kd2 Qg2+  0-1

[Event "HUN-chT9899"]
[Site "HUN"]
[Date "1998.??.??"]
[Round "?"]
[White "Almasi, Istvan"]
[Black "Gyimesi, Zoltan"]
[Result "1/2-1/2"]
[WhiteElo "2450"]
[BlackElo "2525"]

1.c4 e6 2.Nf3 d5 3.d4 Nf6 4.Nc3 dxc4 5.e4 Bb4 6.Bg5 c5 7.Bxc4 cxd4 8.Nxd4 Bxc3+
9.bxc3 Qa5 10.Bb5+ Nbd7 11.Bxf6 gxf6 12.O-O a6 13.Ba4 Ke7 14.Qb3 Qc5 15.Bxd7  1/2-1/2

[Event "HUN-chT 9798"]
[Site "Hungary"]
[Date "1998.??.??"]
[Round "?"]
[White "Horvath, Gyula"]
[Black "Almasi, Istvan"]
[Result "1/2-1/2"]
[WhiteElo "2480"]
[BlackElo "2415"]

1.c4 e6 2.Nf3 d5 3.b3 Nf6 4.Bb2 Be7 5.g3 O-O 6.Bg2 c5 7.O-O Nc6 8.cxd5 Nxd5
9.Nc3 Bf6 10.Qc1 b6 11.Nxd5 Bxb2 12.Qxb2 exd5 13.d4 Qf6 14.Qd2 cxd4 15.Rfd1 Ba6
16.Nxd4 Nxd4 17.Qxd4 Qxd4 18.Rxd4 Bxe2 19.Re1 Rae8 20.Bxd5 Bb5 21.Red1 Re7
22.a4 Bd7 23.Kg2 g6 24.h4 h5 25.R1d2 Kg7  1/2-1/2

[Event "HUN-chT 9798"]
[Site "Hungary"]
[Date "1998.??.??"]
[Round "?"]
[White "Krutti, Valer"]
[Black "Varga, Peter"]
[Result "0-1"]
[WhiteElo "2280"]
[BlackElo "2390"]

1.c4 e6 2.Nf3 d5 3.d4 c6 4.Qc2 Nd7 5.g3 Ngf6 6.Bg2 Be7 7.O-O b6 8.Nbd2 Bb7
9.e4 dxe4 10.Nxe4 Nxe4 11.Qxe4 Nf6 12.Qe2 c5 13.Rd1 cxd4 14.Nxd4 Qc8 15.Bg5 O-O
16.b3 h6 17.Bf4 a6 18.Nf3 Ra7 19.Bd6 Bxd6 20.Rxd6 Qc5 21.Qe5 Bxf3 22.Qxc5 bxc5
23.Bxf3 Rc8 24.Rad1 Kf8 25.Rb6 Nd7 26.Rb7 Rc7 27.Rxc7 Rxc7 28.Rd6 Ra7 29.Rc6 Ke7
30.Rc8 Kd6 31.Kg2 a5 32.Bd1 Ke5 33.Bf3 Kd4 34.Re8 Ne5 35.Rb8 Nxf3 36.Kxf3 a4
37.h4 h5 38.Kf4 Kc3 39.bxa4 Kxc4  0-1

[Event "Karvina op"]
[Site "Karvina"]
[Date "1998.??.??"]
[Round "?"]
[White "Sabaev, Sergey"]
[Black "Romanov, Oleg"]
[Result "1/2-1/2"]
[WhiteElo "2295"]
[BlackElo "2410"]

1.Nf3 e6 2.c4 d5 3.b3 Nf6 4.Bb2 a5 5.Nc3 c6 6.e3 Nbd7 7.d4 Bb4 8.a3 Bxc3+
9.Bxc3 Ne4 10.Bb2 O-O 11.Be2 b6 12.O-O Ba6 13.a4 Qb8 14.Nd2 Ndf6 15.Nxe4 Nxe4
16.f3 Nd6 17.Qd2 dxc4 18.Rfc1 b5 19.bxc4 Nxc4 20.Bxc4 bxc4 21.Bc3 Qd6 22.Bxa5 Rfb8
23.Bc3 Rb3 24.Qf2 c5 25.dxc5 Qxc5 26.e4 Qxf2+ 27.Kxf2 f6  1/2-1/2

[Event "Kassel op"]
[Site "Kassel"]
[Date "1998.??.??"]
[Round "7"]
[White "Becker, Marcel"]
[Black "Petri, Thomas"]
[Result "1/2-1/2"]
[WhiteElo "2150"]
[BlackElo "2005"]

1.Nf3 e6 2.c4 d5 3.d4 c6 4.cxd5 cxd5 5.Nc3 Bd6 6.Bg5 Ne7 7.e3 Bd7 8.Bd3 a6
9.O-O Nbc6 10.e4 f6 11.Bh4 O-O 12.exd5 exd5 13.Qb3 Na5 14.Qc2 g6 15.Nxd5 Nxd5
16.Bxg6 Qe7 17.Rfe1 Qg7 18.Be4 Bc6 19.Bg3 Bxg3 20.hxg3 Ne7  1/2-1/2

[Event "Klatovy op-A"]
[Site "Klatovy"]
[Date "1998.??.??"]
[Round "?"]
[White "Vrkoc, D."]
[Black "Pallova, Martina"]
[Result "1/2-1/2"]
[WhiteElo "2035"]
[BlackElo "2160"]

1.c4 e6 2.Nf3 d5 3.g3 Nf6 4.Bg2 c6 5.O-O Bd6 6.d4 O-O 7.c5 Bc7 8.Nc3 Nbd7
9.b4 e5 10.dxe5 Nxe5 11.Be3 Nxf3+ 12.Bxf3 Bh3 13.Re1 Ng4 14.Bd4 f5 15.e3 Qg5
16.Ne2 f4 17.Nxf4 Bxf4 18.exf4 Qg6 19.Re7 Rf7 20.Rxf7 Kxf7 21.Qb1 Qh6 22.Qf5+ Nf6
23.Qg5 Qxg5 24.fxg5 Ne4 25.Bxe4 dxe4 26.Re1 Re8 27.f4 exf3 28.Rxe8 Kxe8 29.Bxg7 Kf7
30.Be5 Kg6 31.Bf4 Kf5 32.a4 Ke4 33.b5 cxb5 34.axb5 Bd7 35.b6 axb6 36.cxb6 Bh3  1/2-1/2

[Event "Russia-chB (Women)"]
[Site "Kolontaevo"]
[Date "1998.??.??"]
[Round "?"]
[White "Lundina, Aelita"]
[Black "Filichkina, Svetlana"]
[Result "1-0"]
[WhiteElo "2250"]
[BlackElo "2240"]

1.c4 e6 2.Nf3 d5 3.d4 c5 4.cxd5 exd5 5.Nc3 Nc6 6.g3 Nf6 7.Bg2 Be7 8.O-O O-O
9.Bg5 c4 10.b3 Qa5 11.Na4 Be6 12.Ne5 Rac8 13.bxc4 dxc4 14.Nxc6 bxc6 15.Bxf6 Bxf6
16.Nc5 Qd8 17.e3 Bd5 18.e4 Be6 19.e5 Be7 20.Nxe6 fxe6 21.Rc1 Qa5 22.Rxc4 Qxa2
23.Ra4 Qb2 24.Rxa7 Rfe8 25.Be4 Bg5 26.Qd3 h6 27.Rb1 Qd2 28.f4 Qxd3 29.Bxd3 Be7
30.Bg6 c5 31.Bxe8 Rxe8 32.Rc1 cxd4 33.Rd7 Ba3 34.Rcc7 Bf8 35.Rxd4 h5 36.Kg2 Kh7
37.Rdc4 Rb8 38.Rc8 Rb2+ 39.Rc2 Rxc2+ 40.Rxc2 Kg6 41.Kf3 Be7 42.Ke4 Kf7 43.Rc6 g6
44.Rc7 Ke8 45.h3 Kd8 46.Rb7 Ke8 47.g4 hxg4 48.hxg4 Kf7 49.f5  1-0

[Event "Korinthos op"]
[Site "Korinthos"]
[Date "1998.??.??"]
[Round "2"]
[White "Cvetkovic, Srdjan"]
[Black "Caruso, Augusto"]
[Result "1-0"]
[WhiteElo "2430"]
[BlackElo "2275"]

1.c4 e6 2.Nf3 d5 3.d4 c5 4.cxd5 exd5 5.Bg5 Qb6 6.Nc3 cxd4 7.Qxd4 Qxd4 8.Nxd4 Bb4
9.Nb5 Na6 10.O-O-O Bxc3 11.Nxc3 f6 12.Bf4 Ne7 13.e3 Be6 14.Bd6 Nf5 15.Ba3 Nc7
16.g4 Nh6 17.Bd6 O-O-O 18.Bxc7 Kxc7 19.h3 Rd7 20.Bg2 Rhd8 21.Rd2 Ng8 22.Nb5+ Kb6
23.Nd4 Bf7 24.b3 Ne7 25.Kb2 a6 26.h4 Nc6 27.g5 Nxd4 28.Rxd4 Rd6 29.Rhd1 f5
30.Rf4 Be6 31.h5 g6 32.hxg6 hxg6 33.Rh4 Bf7 34.Rd2 Be8 35.Kc3 Bc6 36.Kd4 Re6
37.Rc2 a5 38.a3 Ree8 39.Rc1 Re6 40.Rch1 Rdd6 41.f4 a4 42.bxa4 Bxa4 43.Rb1+ Ka7
44.Rh7 Bc6 45.Rf7 Kb8 46.Rh1 Be8 47.Rh8 Ka7 48.Rf6 Bc6 49.Rhf8  1-0

[Event "RUS-ch sf"]
[Site "Krasnodar"]
[Date "1998.??.??"]
[Round "?"]
[White "Poluljahov, Aleksandr"]
[Black "Maiorov, Oleg"]
[Result "1-0"]
[WhiteElo "2505"]
[BlackElo "2405"]

1.c4 e6 2.Nf3 d5 3.b3 Nf6 4.g3 c5 5.Bg2 b6 6.O-O Bb7 7.Bb2 Be7 8.e3 O-O 9.Nc3 Nc6
10.cxd5 Nxd5 11.Nxd5 Qxd5 12.d4 Na5 13.Ba3 Rfd8 14.Rc1 Rac8 15.Qe2 Qh5 16.Rfd1 Re8
17.h3 cxd4 18.Rxc8 Bxc8 19.g4 Qg6 20.Bxe7 Rxe7 21.Ne5 Qf6 22.Qb5 g6 23.Rxd4 Kg7
24.Rf4 Ba6 25.Qb4 Qg5 26.h4 Qxh4 27.Nf3  1-0

[Event "RUS-Cup"]
[Site "Krasnoiarsk"]
[Date "1998.??.??"]
[Round "7"]
[White "Poluljahov, Aleksandr"]
[Black "Volkov, Sergey"]
[Result "0-1"]
[WhiteElo "2505"]
[BlackElo "2545"]

1.c4 e6 2.Nf3 d5 3.d4 c6 4.Qc2 Nd7 5.cxd5 exd5 6.Nc3 Ne7 7.Bg5 f6 8.Bf4 Nb6
9.e4 dxe4 10.Nxe4 Ned5 11.Bd2 Bf5 12.Be2 Bb4 13.Bxb4 Nxb4 14.Nd6+ Qxd6 15.Qxf5 O-O
16.O-O Rfe8 17.Bd1 g6 18.Qb1 Kg7 19.a3 N4d5 20.g3 Rad8 21.Qc1 Qd7 22.Qc5 Nc8
23.Rc1 a6 24.Bb3 Nf4 25.Rcd1 Qg4 26.Nh4 Ne6 27.Kg2 Nxd4 28.Qb4 b5 29.Rfe1 Rxe1
30.Rxe1 c5 31.Qxc5 Qd7 32.Bd1 Qb7+ 33.Kg1 Rd7 34.Bg4 f5 35.Bh3 Qb6 36.Qc3 Ne7
37.Bg2 Nd5 38.Qc1 Nf6 39.Nf3  0-1

[Event "RUS-ch sf"]
[Site "Kstovo"]
[Date "1998.??.??"]
[Round "5"]
[White "Shurygin, Sergey"]
[Black "Skomorokhin, Vadim"]
[Result "1-0"]
[WhiteElo "2305"]
[BlackElo "2415"]

1.c4 e6 2.Nf3 d5 3.g3 a6 4.b3 c5 5.Bg2 d4 6.b4 cxb4 7.a3 bxa3 8.O-O Nc6 9.d3 Nf6
10.Bxa3 Bxa3 11.Rxa3 O-O 12.Nbd2 h6 13.Qa1 e5 14.Rb1 Qe7 15.Nb3 Rb8 16.Na5 Nd8
17.Rab3 Qc7 18.Qa3 Nd7 19.R3b2 Re8 20.Nd2 b6 21.Nab3 Ne6 22.Ne4 Rd8 23.Qe7 Ndf8
24.Qxc7 Nxc7 25.Na5 f5 26.Nc6 fxe4 27.Nxb8 exd3 28.Nc6 Re8 29.exd3 Bf5 30.Rd2 Nd7
31.Re1 Kf8 32.f4 exf4 33.Rxe8+ Kxe8 34.Nxd4 Bh7 35.gxf4 Nc5 36.f5 g6 37.Be4 Nxe4
38.dxe4 gxf5 39.Nxf5 Bxf5 40.exf5 b5 41.cxb5 Nxb5 42.Kf2 Ke7 43.Ke3 a5 44.Ra2 Nd6
45.Kf4 Nb7 46.Rb2 Nd8 47.Rb6 Kd7 48.Rxh6 Nc6 49.Rh8 Nd8 50.Rh7+ Kc6 51.f6 Kd6  1-0

[Event "SCO-ch"]
[Site "Largs"]
[Date "1998.??.??"]
[Round "4"]
[White "Grant, Jonathan"]
[Black "Bryson, Douglas M"]
[Result "0-1"]
[WhiteElo "2275"]
[BlackElo "2385"]

1.c4 e6 2.Nf3 d5 3.d4 Nf6 4.g3 dxc4 5.Bg2 a6 6.O-O b5 7.Ne5 Nd5 8.a4 Bb7
9.axb5 axb5 10.Rxa8 Bxa8 11.e4 Nf6 12.Nc3 c6 13.Bg5 Be7 14.d5 cxd5 15.exd5 exd5
16.Nxb5 O-O 17.Nxc4 Nbd7 18.Ne3 Qb6 19.Nf5 Bc5 20.Nc3 Qxb2 21.Bxf6 Nxf6 22.Nxd5 Bxd5
23.Bxd5 Qe5 24.Nxg7 Qxd5 25.Qxd5 Nxd5 26.Nh5 Bd4 27.Kg2 Nf6 28.Rd1 Nxh5 29.Rxd4 Nf6
30.g4 Ra8 31.Kg3 Ra5 32.h4 Rd5 33.Ra4 Nd7 34.h5 Kg7 35.f4 Nc5 36.Ra7 h6 37.Rc7 Ne6
38.Rc8 Rd3+ 39.Kh4 Nxf4 40.g5 hxg5+ 41.Kxg5 Ne6+ 42.Kg4 Rd4+ 43.Kg3 Kh6 44.Rh8+ Kg5
45.h6 Rd3+ 46.Kh2 Kg6  0-1

[Event "World Cup blind"]
[Site "Logrono"]
[Date "1998.??.??"]
[Round "3"]
[White "Tatarczak, Jan"]
[Black "Mora Manez, Julio"]
[Result "1/2-1/2"]
[WhiteElo "2125"]
[BlackElo "2085"]

1.c4 e6 2.Nf3 d5 3.g3 dxc4 4.Qa4+ c6 5.Qxc4 b5 6.Qc2 Bb7 7.Bg2 Nf6 8.O-O Be7
9.d4 Nbd7 10.Nc3 O-O 11.Nd2 Qb6 12.Nb3 c5 13.dxc5 Nxc5 14.Bxb7 Qxb7 15.Nxc5 Bxc5
16.Bg5 Be7 17.Qd3  1/2-1/2

[Event "RUS-Cup02"]
[Site "Moscow"]
[Date "1998.??.??"]
[Round "7"]
[White "Balashov, Yuri S"]
[Black "Goloshchapov, Alexander"]
[Result "1-0"]
[WhiteElo "2555"]
[BlackElo "2400"]

1.c4 e6 2.Nf3 d5 3.e3 Nf6 4.b3 Bd6 5.Bb2 Nbd7 6.Nc3 a6 7.Qc2 O-O 8.Be2 c5
9.O-O b6 10.cxd5 exd5 11.d4 Bb7 12.Rad1 Qe7 13.Bd3 Ne4 14.dxc5 Ndxc5 15.Ne2 Rac8
16.Qb1 f5 17.Bc2 Ne6 18.Ned4 f4 19.Bd3 Qf7 20.Qa1 Rce8 21.Nxe6 Rxe6 22.Be5 Rxe5
23.Nxe5 Qh5 24.Bxe4 Bxe5 25.Bf3 Qg5 26.Qc1 Qh6 27.h3 fxe3 28.Qxe3 Qd6 29.Rfe1 Re8
30.Kh1 Re7 31.Qd3 Rd7 32.Re2 g6 33.Rde1 Re7 34.g3 b5 35.Bg2 Bc6 36.f4 Bf6
37.Rxe7 Bxe7 38.Rd1  1-0

[Event "South Wales 1st"]
[Site "Newport"]
[Date "1998.??.??"]
[Round "1"]
[White "Webster, Andrew"]
[Black "Morris, Charles F"]
[Result "0-1"]
[WhiteElo "2420"]
[BlackElo "2245"]

1.c4 e6 2.Nf3 d5 3.b3 Be7 4.Bb2 Bf6 5.Nc3 dxc4 6.bxc4 c5 7.Qc1 b6 8.g3 Bb7
9.Bg2 Ne7 10.d3 O-O 11.O-O Nf5 12.Ne4 Bxb2 13.Qxb2 Nd6 14.Nxd6 Qxd6 15.a4 Nc6
16.a5 bxa5 17.Nd2 Rab8 18.Ne4 Qe7 19.Qa3 Nd4 20.Ra2 Bxe4 21.Bxe4 f5 22.Bg2 f4
23.Be4 Qg5 24.Qxa5 Rf7 25.Kg2 h5 26.Qa6 h4 27.Qd6 Rb6  0-1

[Event "RUS-Cup"]
[Site "Omsk/Perm"]
[Date "1998.??.??"]
[Round "5"]
[White "Nureev, Garun"]
[Black "Karpeshov, Oleg"]
[Result "0-1"]
[WhiteElo "2355"]
[BlackElo "2420"]

1.c4 e6 2.Nf3 d5 3.g3 dxc4 4.Qa4+ Nd7 5.Qxc4 a6 6.a4 b5 7.Qc2 Bb7 8.Bg2 c5
9.O-O Ngf6 10.axb5 axb5 11.Rxa8 Qxa8 12.Na3 Bc6 13.d4 c4 14.d5 Nxd5 15.Nd4 Bxa3
16.bxa3 O-O 17.Nxc6 Qxc6 18.Bb2 Rc8 19.Rd1 h6 20.e4 N5b6 21.Bc3 Nc5 22.Qe2 Nd3
23.Qg4 e5 24.Bf1 Na4 25.Rxd3 h5 26.Qxh5 cxd3 27.Bxe5 f6 28.Bf4 Rd8 29.Bh3 d2
30.Bxd2 Rxd2 31.Bf5 Nc5 32.h4 Ne6 33.Qh7+ Kf8 34.Qh8+ Kf7 35.g4 Qc1+  0-1

[Event "Atom Cup IM 3rd"]
[Site "Paks"]
[Date "1998.??.??"]
[Round "7"]
[White "Krutti, Valer"]
[Black "Nor, Igal"]
[Result "1/2-1/2"]
[WhiteElo "2360"]
[BlackElo "2280"]

1.c4 e6 2.Nf3 d5 3.d4 c6 4.Qc2 f5 5.g3 Nf6 6.Bg2 Bd6 7.O-O O-O 8.Ne5 Nbd7
9.Nd3 Qe7 10.Nd2 b6 11.Nf3 Bb7 12.Bf4 b5 13.cxb5 cxb5 14.Qb3 a6 15.a4 Bc6
16.a5 Bxf4 17.Nxf4 Ne4 18.Rfc1 Rac8 19.Nd3 Bb7 20.e3 Qd6 21.Qd1 g6 22.Qe1 Rc4
23.Nfe5 Nxe5 24.Nxe5 Rfc8 25.Bxe4 fxe4 26.Nxc4 dxc4 27.b3 Bd5 28.bxc4 Bxc4
29.Rab1 Qd5 30.Qb4 Rc7 31.Rb2 h5 32.Rbc2 Kf7 33.h4  1/2-1/2

[Event "Pardubice Czech op"]
[Site "Pardubice"]
[Date "1998.??.??"]
[Round "2"]
[White "Malaniuk, Vladimir P"]
[Black "Letov, Alexander"]
[Result "1-0"]
[WhiteElo "2600"]
[BlackElo "2300"]

1.c4 e6 2.Nf3 d5 3.e3 Nf6 4.b3 Be7 5.Bb2 O-O 6.Nc3 b6 7.d4 Bb7 8.Bd3 Nbd7
9.O-O Ne4 10.Qc2 f5 11.cxd5 exd5 12.Ne2 Bd6 13.Ne5 Bxe5 14.dxe5 Ndc5 15.Ba3 Nxd3
16.Qxd3 c5 17.f3 Ng5 18.b4 c4 19.Qc3 Re8 20.Bb2 Ne6 21.Qc2 g6 22.Nd4 Qd7
23.Nxe6 Rxe6 24.Bd4 Rc8 25.a4 a6 26.Qc3 Qe8 27.Rf2 Qf7 28.b5 a5 29.f4 Qe7
30.Qc1 Qc7 31.Re2 Qd7 32.Rd2 Qe7 33.Bb2 Qc5 34.Rd4 Qb4 35.Bc3 Qe7 36.Ra2 Qf7
37.Rad2 Re7 38.Rc2 Qe6 39.Bb2 Rd7 40.Ba3 Re8 41.Qd1 Rc8 42.Qe1 Rg7 43.Bd6 Rd7
44.Qc3 Rcd8 45.Rd1 Rxd6 46.exd6 Rxd6 47.Qd4 Rd7 48.e4 fxe4 49.Rxc4 Re7 50.Rc3 e3
51.Re1 e2 52.Rc2 Qg4 53.h3 Qh5 54.Qf2 d4 55.Qxd4 Qd5 56.Qxd5+ Bxd5 57.Rcxe2 Rxe2
58.Rxe2 Kf7 59.Re3 Kf6 60.Kf2 h5 61.g4 h4 62.Rc3 Ke6 63.Rc6+ Bxc6 64.bxc6 b5
65.f5+ gxf5 66.gxf5+  1-0

[Event "Pardubice Czech op"]
[Site "Pardubice"]
[Date "1998.??.??"]
[Round "4"]
[White "Nizamov, Ildar"]
[Black "Pavasovic, Dusko"]
[Result "1/2-1/2"]
[WhiteElo "2400"]
[BlackElo "2505"]

1.c4 e6 2.Nf3 d5 3.b3 Nf6 4.g3 a5 5.Bg2 a4 6.Bb2 a3 7.Bc1 d4 8.O-O Nc6 9.d3 e5
10.Ne1 Bd6 11.Nc2 Qe7 12.e3 O-O 13.exd4 exd4 14.Re1 Qd8 15.Bxa3 Bg4 16.Qd2 Qd7
17.Bxd6 Qxd6 18.b4 Rfe8 19.Nba3 Qd7 20.Nb5 Rxe1+ 21.Nxe1 Re8 22.Nf3 Bxf3
23.Bxf3 Ne5 24.Bg2 c6 25.Na3 Qf5 26.Nc2 Nxd3 27.Nxd4 Qg6 28.Rd1 Ne5 29.c5 h6
30.Re1 Kh7 31.Qd1 Kg8 32.h3 Nd3 33.Rxe8+ Nxe8 34.a3 Nf6 35.Qc2 Nd5 36.Bf1 N5f4
37.Bxd3 Nxd3 38.Qe2 Nf4 39.Qe8+ Kh7 40.Kh2 Nd5 41.Qd7 Nc3 42.g4 Nb1 43.a4 Nc3
44.a5 Qg5 45.Qf5+ Kg8 46.Qxg5 hxg5 47.Nf5 Nd5 48.Nd6 Nxb4 49.Nxb7 Kf8 50.Kg3 Ke7
51.f4 gxf4+ 52.Kxf4 Kd7 53.Ke4 Na6 54.Kd4 g5 55.Nd6 Ke6 56.Nf5 f6 57.Ne3 Nc7
58.Nc2 Na6 59.Kc4 Kd7 60.Nb4 Nxb4 61.Kxb4 Kc7 62.a6 Kb8  1/2-1/2

[Event "Saint Quentin op"]
[Site "Saint Quentin"]
[Date "1998.??.??"]
[Round "9"]
[White "Nikcevic, Nebojsa"]
[Black "Todorov, Ognjan"]
[Result "0-1"]
[WhiteElo "2505"]
[BlackElo "2335"]

1.c4 e6 2.Nf3 d5 3.g3 Nf6 4.Bg2 Be7 5.O-O O-O 6.d4 c6 7.b3 b6 8.Qc2 Nbd7
9.Rd1 Bb7 10.Nc3 Ba6 11.Bf4 Rc8 12.e4 dxc4 13.Nd2 c5 14.d5 exd5 15.exd5 Nh5
16.Be3 Ne5 17.bxc4 Ng4 18.Qa4 Nxe3 19.fxe3 Bf6 20.Rac1 Bb7 21.Qxa7 Rb8 22.Nb5 Bg5
23.Nf1 Re8 24.Qa3 Nf6 25.Rc2 Qd7 26.Qd3 h5 27.Re2 Qd8 28.d6 Bxg2 29.Kxg2 Qd7
30.e4 Ng4 31.Nd2 Ne5 32.Qc3 h4 33.Nf3 h3+ 34.Kg1 Bf6 35.Nxe5 Bxe5 36.Qf3 f6
37.Qf5 Qxf5 38.exf5 Red8 39.Kf2 Rd7 40.Kf3 Rbd8 41.Ke4 Kf7 42.Kd5 Rxd6+  0-1

[Event "San Francisco Linklater"]
[Site "San Francisco"]
[Date "1998.??.??"]
[Round "1"]
[White "Rey, Guillermo"]
[Black "Shipman, Walter"]
[Result "1/2-1/2"]
[WhiteElo "2335"]
[BlackElo "2350"]

1.c4 e6 2.Nf3 d5 3.g3 Nf6 4.Bg2 Be7 5.O-O O-O 6.b3 c5 7.Bb2 Nc6 8.d3 b6 9.e3 Bb7
10.Qe2 Qc7 11.Nc3 Rad8 12.Rac1 Qb8 13.Rfd1 Rfe8 14.a3 Qa8 15.Nb1 Rd7 16.Nbd2 Red8
17.cxd5 Nxd5 18.Ne4 Rf8 19.h4 Qd8 20.Qc2 Nf6 21.Nxf6+ Bxf6 22.Bxf6 Qxf6 23.d4 Nxd4
24.exd4 Bxf3 25.Bxf3 Qxf3 26.dxc5 Rxd1+ 27.Qxd1 Qxd1+ 28.Rxd1 bxc5 29.Rd7 h6
30.Rxa7 Rb8 31.Rc7 Rxb3 32.Rxc5 Rxa3 33.Rc7 g6 34.Kg2 Kg7 35.Rc5 h5 36.Rb5 Kf6
37.f4 Rd3 38.Ra5 Rd5 39.Ra3 Kf5 40.Kf3 f6 41.Rb3 e5 42.fxe5 fxe5 43.Rb6 Ra5
44.Rb4 Ra3+ 45.Kf2 e4 46.Rb6 Rf3+ 47.Kg2 Rd3 48.Kf2 Rd2+ 49.Ke3 Rd3+ 50.Kf2 Rc3
51.Ra6 Rc5 52.Rb6 g5 53.hxg5 Rc2+ 54.Ke3 Rc3+ 55.Kf2 Rf3+ 56.Kg2 Kg4 57.Re6 Rxg3+
58.Kf2 Rf3+ 59.Ke2 Kxg5 60.Rxe4 Rf8 61.Ke1 h4 62.Re7 h3 63.Rh7 Kg4 64.Rg7+ Kf3
65.Rh7 Kg2 66.Rg7+ Kh1 67.Ke2 Ra8 68.Kf1 Ra1+ 69.Kf2 Ra2+ 70.Kf1 h2 71.Rh7 Ra8
72.Rg7 Rf8+ 73.Ke2 Rb8 74.Kf1 Rb1+  1/2-1/2

[Event "San Jose op"]
[Site "San Jose"]
[Date "1998.??.??"]
[Round "6"]
[White "Portero, MA."]
[Black "Ferrer, RL."]
[Result "1/2-1/2"]
[WhiteElo "2215"]
[BlackElo "2245"]

1.c4 e6 2.Nf3 d5 3.d4 c5 4.cxd5 exd5 5.Nc3 Nf6 6.Bg5 Be7 7.dxc5 Qa5 8.Qa4+ Qxa4
9.Nxa4 Na6 10.e3 Nxc5 11.Nxc5 Bxc5 12.Bxf6 gxf6 13.Bd3 Bg4 14.Rc1 Rc8 15.Ke2 O-O
16.h3 Bxf3+ 17.Kxf3 b6 18.Rhd1 Rcd8 19.Bf5 d4 20.exd4 Rxd4 21.Rxd4 Bxd4  1/2-1/2

[Event "Santa Barbara d'Oeste tt"]
[Site "Santa Barbara d'Oeste "]
[Date "1998.??.??"]
[Round "5"]
[White "Disconzi da Silva, Rodrigo"]
[Black "Fernandez, Rodrigo Amaral"]
[Result "1-0"]
[WhiteElo "2350"]
[BlackElo "2275"]

1.c4 e6 2.Nf3 d5 3.g3 c6 4.b3 Nf6 5.Bg2 Be7 6.O-O O-O 7.Bb2 b5 8.Qc2 Bb7
9.d3 Nbd7 10.Nbd2 Qb6 11.Rac1 Rfc8 12.e4 a5 13.e5 Ne8 14.a3 Rab8 15.Rb1 h6
16.Rfe1 Qa6 17.Nd4 Nc7 18.Qd1 c5 19.N4f3 Rd8 20.Qe2 a4 21.bxa4 Qxa4 22.cxd5 Nxd5
23.Ne4 c4 24.Rbc1 Rdc8 25.dxc4 bxc4 26.Nc3 Nxc3 27.Rxc3 Qa8 28.Bc1 Nb6 29.Nh4 Bd5
30.Qg4 Kf8 31.Bxd5 Qxd5 32.Rf3 Bxh4 33.gxh4 c3 34.Rg3 Ke7 35.Qxg7 Nd7 36.Bxh6 c2
37.Qg5+ f6 38.exf6+ Kd6 39.Qxd5+ Kxd5 40.Rd3+ Kc6 41.Rxe6+  1-0

[Event "Liechtenstein op"]
[Site "Schaan"]
[Date "1998.??.??"]
[Round "3"]
[White "Pribyl, Martin"]
[Black "Schmittdiel, Eckhard"]
[Result "0-1"]
[WhiteElo "2350"]
[BlackElo "2460"]

1.Nf3 e6 2.c4 d5 3.g3 c6 4.b3 Nf6 5.Bb2 Nbd7 6.Bg2 Bd6 7.d4 Ne4 8.O-O Qe7
9.Nbd2 f5 10.Ne5 Nxe5 11.dxe5 Bc5 12.Nf3 Bd7 13.Qc2 O-O 14.Nd4 b6 15.f3 Ng5
16.e3 Rac8 17.Rad1 a5 18.Kh1 b5 19.cxb5 cxb5 20.Qe2 a4 21.bxa4 bxa4 22.Rb1 Nf7
23.f4 Nd8 24.g4 fxg4 25.Qxg4 Rb8 26.Bh3 Bxd4 27.Bxd4 Nc6 28.Bc3 Qc5 29.Bd2 Qc2
30.Rg1 Qe4+ 31.Bg2 Qxb1 32.Bxd5 Qg6 33.Qf3 Rb1 34.Be1 Rxe1 35.Rxe1 exd5 36.Qxd5+ Qe6  0-1

[Event "Staufer op 10th"]
[Site "Schwaebisch Gmuend"]
[Date "1998.??.??"]
[Round "4"]
[White "Scherer, Max"]
[Black "Bogdanovich, Grigory"]
[Result "1-0"]
[WhiteElo "2295"]
[BlackElo "2400"]

1.c4 e6 2.Nf3 d5 3.g3 c6 4.b3 b5 5.Bb2 Qb6 6.Qc2 Nd7 7.Bg2 Ba6 8.cxb5 cxb5
9.Bd4 Qd6 10.Qb2 f6 11.O-O Ne7 12.d3 Nc6 13.Rc1 Be7 14.Nc3 b4 15.Na4 O-O
16.Bc5 Nxc5 17.Nxc5 Bc8 18.e4 Rb8 19.Rc2 Ne5 20.Nd4 Qb6 21.Na4 Qa6 22.exd5 Nxd3
23.Qb1 Ne5 24.f4 Qd3 25.Qd1 Qe3+ 26.Kh1 Nd3 27.Nc6 Rb7 28.Qd2 Bc5 29.Nxc5 Qxd2
30.Rxd2 Nxc5 31.Rc1 Na6 32.d6 Kf7 33.Ne7 Rb8 34.Nxc8 Rbxc8 35.Rxc8 Rxc8 36.Bb7 Rc1+
37.Kg2 Nc5 38.Bc6 e5 39.f5 g6 40.d7 Nxd7 41.Bxd7 Ke7 42.Be6 Rc7 43.Kf3 a5
44.Ke4 h5 45.Rd5 gxf5+ 46.Kxf5 e4 47.Bg8 e3 48.Rd1 Rc2 49.h4 Kf8 50.Bd5 Rxa2
51.Re1 Rd2 52.Bf3 Rd3 53.Kxf6 e2 54.Bxh5 Rd6+ 55.Ke5 Rd3 56.Rxe2 Rxg3 57.Kf6 Kg8
58.Bf7+ Kh7 59.Re5 Rf3+ 60.Rf5  1-0

[Event "RUS-ch"]
[Site "Sochi"]
[Date "1998.??.??"]
[Round "9"]
[White "Zhukhovitsky, Samuel"]
[Black "Doroshkievich, Vladimir K"]
[Result "0-1"]
[WhiteElo "2370"]
[BlackElo "2370"]

1.c4 e6 2.Nf3 d5 3.g3 dxc4 4.Qa4+ Nd7 5.Bg2 a6 6.Qxc4 b5 7.Qc2 Bb7 8.O-O Ngf6
9.b3 c5 10.Bb2 Be7 11.d3 O-O 12.Nbd2 Nd5 13.a3 Qb6 14.e4 N5f6 15.Rad1 Rac8
16.h3 Rfd8 17.Kh2 Nb8 18.Ne5 Ne8 19.f4 f6 20.Ng4 Nc6 21.Nf3 Bf8 22.Qb1 Qc7
23.Qa2 Qf7 24.Nf2 Nd4 25.Nxd4 cxd4 26.b4 Bd6 27.Rc1 e5 28.Qxf7+ Kxf7 29.fxe5 fxe5
30.Rxc8 Rxc8 31.Rc1 Ra8 32.Bf3 Nf6 33.Bd1 Ke7 34.g4 a5 35.bxa5 Rxa5 36.Ra1 Nd7
37.Kg1 Nc5 38.Kf1 Na4 39.Bxa4 bxa4 40.Ke2 Rb5 41.Bc1 Rb3 42.Kd2 Ba6 43.Kc2 Kd7
44.Ra2 Be7 45.g5 Rc3+ 46.Kd1 Bxd3 47.Bd2 Rb3  0-1

[Event "Petrov mem"]
[Site "St Petersburg"]
[Date "1998.??.??"]
[Round "2"]
[White "Vunder, A."]
[Black "Burmakin, Vladimir"]
[Result "0-1"]
[WhiteElo "2310"]
[BlackElo "2550"]

1.c4 e6 2.Nf3 d5 3.d4 c6 4.Nc3 dxc4 5.a4 Bb4 6.e3 b5 7.Ne5 Nf6 8.g4 Bb7 9.Bg2 Nd5
10.Bd2 Nd7 11.O-O Nxe5 12.dxe5 Bxc3 13.bxc3 a6 14.a5 c5 15.e4 Ne7 16.Be3 Qxd1
17.Rfxd1 Nc6 18.f4 g5 19.Bxc5 gxf4 20.Rf1 Rg8 21.Bd6 Rxg4 22.h3 Rh4 23.Ra2 O-O-O
24.Raf2 f6 25.Rxf4 Rxf4 26.Rxf4 fxe5 27.Rf8 Rxf8 28.Bxf8 Nxa5 29.Kf2 Nc6  0-1